Ascanio MMM / (Record no. 595)
[ view plain ]
| 000 -LEADER | |
|---|---|
| campo de control de longitud fija | 01075cam a22002894a 4500 |
| 001 - NÚMERO DE CONTROL | |
| campo de control | 14197074 |
| 005 - FECHA Y HORA DE LA ÚLTIMA TRANSACCIÓN | |
| campo de control | 20220326193323.0 |
| 008 - DATOS DE LONGITUD FIJA--INFORMACIÓN GENERAL | |
| campo de control de longitud fija | 051212s2005 bl a bc 000 0dpor |
| 010 ## - NÚMERO DE CONTROL DE LA BIBLIOTECA DEL CONGRESO | |
| Número de control de LC | 2005456995 |
| 020 ## - NÚMERO INTERNACIONAL ESTÁNDAR DEL LIBRO | |
| Número Internacional Estándar del Libro | 8588742144 |
| 040 ## - FUENTE DE CATALOGACIÓN | |
| Centro catalogador/agencia de origen | DLC |
| Centro/agencia transcriptor | DLC |
| 041 0# - CÓDIGO DE IDIOMA | |
| Código de lengua del texto/banda sonora o título independiente | por |
| -- | eng |
| 042 ## - CÓDIGO DE AUTENTICACIÓN | |
| Código de autenticación | pcc |
| -- | lcode |
| 082 ## - NÚMERO DE LA CLASIFICACIÓN DECIMAL DEWEY | |
| Número de clasificación | 730 |
| Número de ítem | A 811a |
| 100 0# - ENTRADA PRINCIPAL--NOMBRE DE PERSONA | |
| Nombre de persona | Ascanio MMM, |
| Fechas asociadas al nombre | 1941- |
| 9 (RLIN) | 2666 |
| 110 ## - ENTRADA PRINCIPAL--NOMBRE DE ENTIDAD CORPORATIVA | |
| Nombre de entidad corporativa o nombre de jurisdicción como elemento de entrada | Andrea Jakobsson Estudio Editorial Ltda. |
| 9 (RLIN) | 2667 |
| 245 10 - MENCIÓN DEL TÍTULO | |
| Título | Ascanio MMM / |
| Mención de responsabilidad, etc. | [textos, Paulo Sergio Duarte ... et al. ; versao inglesa de textos, Paulo Henriques Brito]. |
| 260 ## - PUBLICACIÓN, DISTRIBUCIÓN, ETC. | |
| Lugar de publicación, distribución, etc. | Rio de Janeiro, RJ, Brasil : |
| Nombre del editor, distribuidor, etc. | Andrea Jakobsson Estúdio, |
| Fecha de publicación, distribución, etc. | c2005. |
| 300 ## - DESCRIPCIÓN FÍSICA | |
| Extensión | 252 p. : |
| Otras características físicas | ill. (chiefly col.) ; |
| Dimensiones | 30 cm. |
| 504 ## - NOTA DE BIBLIOGRAFÍA, ETC. | |
| Nota de bibliografía, etc. | Includes bibliographical references (p. 221-225). |
| 546 ## - NOTA DE IDIOMA | |
| Nota de lengua/lenguaje | Portuguese and English. |
| 600 00 - PUNTO DE ACCESO ADICIONAL DE MATERIA--NOMBRE DE PERSONA | |
| Nombre de persona | Ascanio MMM, |
| Fechas asociadas al nombre | 1941- |
| Subdivisión general | Themes, motives. |
| 9 (RLIN) | 2668 |
| 650 ## - PUNTO DE ACCESO ADICIONAL DE MATERIA--TÉRMINO DE MATERIA | |
| Subdivisión general | Ascanio MMM,1941-tema, motivo |
| -- | Escultura |
| Subdivisión geográfica | Brasil |
| 9 (RLIN) | 2669 |
| 700 1# - ENTRADA AGREGADA--NOMBRE PERSONAL | |
| Nombre de persona | Duarte, Paulo Sergio. |
| 9 (RLIN) | 2440 |
| 906 ## - ELEMENTOS DE DATOS F LOCAL, LDF (RLIN) | |
| a | 7 |
| b | cbc |
| c | origode |
| d | 2 |
| e | ncip |
| f | 20 |
| g | y-gencatlg |
| Estatus retirado | Estado de pérdida | Fuente del sistema de clasificación o colocación | Estado de daño | No para préstamo | Biblioteca de origen | Biblioteca actual | Ubicación en estantería | Fecha de adquisición | Total de préstamos | Signatura topográfica completa | Código de barras | Visto por última vez | Precio de reemplazo | Tipo de ítem Koha |
|---|---|---|---|---|---|---|---|---|---|---|---|---|---|---|
| Clasificación Decimal Dewey | Biblioteca LadoV | Biblioteca LadoV | 15/05/2015 | 730 A 811a | 004040 | 15/05/2015 | 15/05/2015 | Material 01 |
